| 000 -ლიდერი |
| ფიქსირებული სიგრძის საკონტროლო ველი |
01649nam a2200277Ia 4500 |
| 001 - საკონტროლო ნომერი |
| საკონტროლო ველი |
19982 |
| 003 - საკონტროლო ნომრის იდენტიფიკატორი |
| საკონტროლო ველი |
GE_BSU |
| 005 - ბოლო ოპერაციის თარიღი და დრო |
| საკონტროლო ველი |
20210330115747.0 |
| 008 - ფიქსირებული სიგრძის მონაცემთა ელემენტები - ზოგადი ინფორმაცია |
| ფიქსირებული სიგრძის საკონტროლო ველი |
181216s2017||||ge |||||||||||||| ||geo|| |
| 040 ## - კატალოგიზაციის წყარო |
| Transcribing agency |
GE_BSU |
| 041 ## - ენის კოდი |
| Language code of text/sound track or separate title |
geo |
| 080 ## - უნივერსალური ათობითი კლასიფიკაციის ინდექსი |
| Universal Decimal Classification number |
61 გ-26 |
| 100 ## - მთავარი ჩანაწერი - პიროვნების სახელი |
| Personal name |
გეგენავა, ხათუნა |
| 9 (RLIN) |
10832 |
| 245 ## - ცნობა სათაურის შესახებ |
| Title |
სმენის ფუნქცია თამბაქოს მომხმარებლებში: საქართველოს მონაცემები / |
| Statement of responsibility, etc |
ხათუნა გეგენავა; თბილისის სახელმწიფო სამედიცინო უნივერსიტეტი; |
| 264 ## - წარმოების, გამოცემის, დისტრიბუციის და სხვა ცნობები |
| გამოცემის, წარმოების, დისტრიბუციის... ადგილი |
თბილისი, |
| გამოცემის, წარმოების, დისტრიბუციის... თარიღი |
2017 |
| 300 ## - ფიზიკური აღწერა |
| Extent |
83 გვ.: |
| Other physical details |
ილ., |
| Dimensions |
30 სმ. |
| 653 ## - INDEX TERM--UNCONTROLLED |
| Uncontrolled term |
დისერტაცია |
| 653 ## - INDEX TERM--UNCONTROLLED |
| Uncontrolled term |
თამბაქოს მოხმარება |
| 653 ## - INDEX TERM--UNCONTROLLED |
| Uncontrolled term |
სმენის ფუნქციის დაქვეითება |
| 653 ## - INDEX TERM--UNCONTROLLED |
| Uncontrolled term |
მედიცინა |
| 653 ## - INDEX TERM--UNCONTROLLED |
| Uncontrolled term |
სმენის ფუნქცია თამბაქოს მომხმარებლებში: საქართველოს მონაცემები |
| 700 ## - ADDED ENTRY--PERSONAL NAME |
| Personal name |
ჯაფარიძე, შ. |
| Relator term |
სამეცნიერო ხელმძღვანელი |
| 9 (RLIN) |
3626 |
| 700 ## - ADDED ENTRY--PERSONAL NAME |
| Personal name |
ქევანიშვილი, ზურაბ |
| Relator term |
სამეცნიერო ხელმძღვანელი |
| 9 (RLIN) |
10833 |
| 710 ## - ADDED ENTRY--CORPORATE NAME |
| Corporate name or jurisdiction name as entry element |
თბილისის სახელმწიფო სამედიცინო უნივერსიტეტი |
| 9 (RLIN) |
9697 |
| 942 ## - ADDED ENTRY ELEMENTS (KOHA) |
| Koha item type |
წიგნი |
| Source of classification or shelving scheme |
|